| 000 | 01518cam a2200265 4500 | ||
|---|---|---|---|
| 001 | ABS65243 | ||
| 008 | 020403n2002 000 0 eng u | ||
| 035 | _a(Sirsi) u117339 | ||
| 245 | _aYoung v Edinburgh CC | ||
| 260 | _c2002 | ||
| 490 |
_aRating and Valuation Reporter _v[2002] RVR 36-52(17) |
||
| 520 | _aLT for Scotland 21 June 2001. The claimant (Y) sought compensation of £1.6m for the compulsory purchase of 7.572 ha of land being part of a farm. It was agreed that compensation would be based on open market value. At issue was whether there could be any hope value where the established planning policies were against any relevant development. The defendant council (E) said there was no prospect of any planning permission for development of the land as it was within a Green Belt. E offered £30,215 compensation on the basis of existing use but alternatively, should the tribunal accept that there was development potential in the land and allowance for hope value, the amount of compensation proposed by E was £95,700. "Held", compensation payable by E to Y was £370,000. | ||
| 590 | _aABS | ||
| 650 | _aHOPE VALUE | ||
| 650 | _aFARMLAND | ||
| 650 | _aCOMPENSATION | ||
| 650 | _aYOUNG V EDINBURGH CC | ||
| 650 |
_aCompulsory purchase _96228 |
||
| 650 | _aOPEN MARKET VALUE | ||
| 650 | _aGREEN BELT | ||
| 650 | _aEVIDENCE OF VALUE | ||
| 650 | _aCOMPARABLES | ||
| 690 | _aENVIRONMENTAL AND LAND CONSULTANCY-PLANNING AND DEVELOPMENT-COMPULSORY PURCHASE AND COMPENSATION | ||
| 942 | _n0 | ||
| 999 |
_c69905 _d69905 |
||